000 00861nam a2200241Ia 4500
003 OSt
005 20220923214513.0
006 a|||||r|||| 00| 0
007 ta
008 220922b |||||||| |||| 00| 0 hin d
024 _a170,190
037 _cTextual
040 _aARTS
_cARTS
_bhin
041 _2hin
_ahin
082 _aO152,3N05x, L3
100 _aजैनेन्द्र; निर्मला जैन, संपा.
_9163368
245 0 _aजैनेन्द्र की सर्वश्रेष्ठ कहानियां
246 _aJainendra kī sarvashreṣhṭha kahāniyāan
260 _c1973
650 _aहिन्दी साहित्य
_9156264
942 _hO152,3N05x, L3
_cTEXL
_2CC
999 _c324522
_d324522